Music Quiz

Random Music or Canada Quiz

Name the artists who have released on Arts & Crafts Quiz Stats

Quiz not verified by Sporcle

Challenge
Share
Tweet
Embed
Score 0/108 Timer 08:00
0 Plays Today
Album Artist % Correct
HeartStars
85.7%
Set Yourself on FireStars
85.7%
Do You Trust Your Friends?Stars
85.7%
In Our Bedroom After The WarStars
85.7%
Say UsZeus
71.4%
Busting VisionsZeus
71.4%
Busting VisionsZeus
71.4%
Classic ZeusZeus
71.4%
You Forgot It In PeopleBroken Social Scene
57.1%
Feel Good LostBroken Social Scene
57.1%
BeehivesBroken Social Scene
57.1%
Let It DieFeist
57.1%
S/TBroken Social Scene
57.1%
Open SeasonFeist
57.1%
The ReminderFeist
57.1%
YearsYears
57.1%
Timber TimbreTimber Timbre
57.1%
Forgiveness Rock RecordBroken Social Scene
57.1%
Creep On Creepin' OnTimber Timbre
57.1%
MetalsFeist
57.1%
InnocentsMoby
57.1%
Hot DreamsTimber Timbre
57.1%
Motor Motel Love SongsJason Collett
42.9%
Folkloric FeelApostle of Hustle
42.9%
Idols of ExileJason Collett
42.9%
Underwater CinematographerThe Most Serene Republic
42.9%
Honey From The TombsAmy Millan
42.9%
It's Never Been Like ThatPhoenix
42.9%
AwooThe Hidden Cameras
42.9%
Gang of LosersThe Dears
42.9%
National Anthem of NowhereApostle of Hustle
42.9%
Young GalaxyYoung Galaxy
42.9%
PopulationThe Most Serene Republic
42.9%
Here's To BeingJason Collett
42.9%
Kensington HeightsConstantines
42.9%
Something For All of Us...Brendan Canning
42.9%
Album Artist % Correct
Oceans Will RiseThe Stills
42.9%
Eats DarknessApostle of Hustle
42.9%
...And The Ever Expanding UniverseThe Most Serene Republic
42.9%
Masters Of The BurialAmy Millan
42.9%
Origin:OrphanThe Hidden Cameras
42.9%
Rat A Tat TatJason Collett
42.9%
Nice, Nice, Very NiceDan Mangan
42.9%
Oh FortuneDan Mangan
42.9%
The DarcysThe Darcys
42.9%
AjaThe Darcys
42.9%
TRSTTrust
42.9%
ReckonJason Collett
42.9%
WarringThe Darcys
42.9%
JoylandTrust
42.9%
Gord Downie, The Sadies and The Conquering SunGord Downie, The Sadies and The Conquering Sun
42.9%
Valley of The GiantsValley of The Giants
28.6%
Set FreeAmerican Analog Set
28.6%
Sticking Fingers Into SocketsLos Campesionos!
28.6%
Somewhere, anywhereSally Seltman
28.6%
Spirit If...Kevin Drew
28.6%
Hold On Now, Youngster...Los Campesinos!
28.6%
Soft PowerChilly Gonzales
28.6%
We Are Beautiful, We Are DoomedLos Campesinos!
28.6%
Romance is BoringLos Campesinos!
28.6%
Heart That's PoundingSally Seltman
28.6%
The OrchardRa Ra Riot
28.6%
Ivory TowerChilly Gonzales
28.6%
Captured Anthems For An Empty Bathtub + Anthems For The Could've Bin PillsKC Accidental
28.6%
TRE3SChikita Violenta
28.6%
Hello SadnessLos Campesinos!
28.6%
Eight and a HalfEight and a Half
28.6%
Solo Piano IIChilly Gonzales
28.6%
Beta LoveRa Ra Riot
28.6%
NOBlack English
28.6%
Hey DaydreamerSally Seltman
28.6%
DarlingsKevin Drew
28.6%
Album Artist % Correct
Glass Boys**** Up
28.6%
We Loved Her DearlyLowell
28.6%
Absolutely FreeAbsolutely Free
28.6%
The Inevitable EndRoyksopp
28.6%
Club MedsDan Mangan
28.6%
GoonTobias Jesso Jr
28.6%
For All My SistersThe Cribs
25%
Hey LoveHayden
25%
Si AguaMia Maestro
25%
SprinterTorres
25%
More FaithfulNo Joy
25%
Super FutureCalvin Love
25%
PrimariesWIN WIN
25%
Till It's All ForgottenFarao
25%
The Future SugarRey Pila
25%
The Last Beautiful DaySally Seltman
14.3%
Little BuildingsGentleman Reg
14.3%
The Happiness ProjectCharles Spearin
14.3%
Jet BlackGentleman Reg
14.3%
As Seen Through WindowsBell Orchestre
14.3%
Girls Come TooStill Life Still
14.3%
Here Comes A CityMemphis
14.3%
I Predict A Graceful ExpulsionCold Specks
14.3%
LanguageZulu Winter
14.3%
FourBloc Party
14.3%
Inner ClassicsSnowblink
14.3%
Us AloneHayden
14.3%
Beyond WildernessGold and Youth
14.3%
Mourning TranceStill Life Still
14.3%
NegativityDeer Tick
14.3%
Funeral SkyReuben and The Dark
14.3%
The BeltIn The Valley Below
14.3%
NeuroplasticityCold Specks
14.3%
Adrian ThawsTricky
14.3%
EncylopediaThe Drums
14.3%
It's DecidedAndy Kim
14.3%

You're not logged in!

Compare scores with friends on all Sporcle quizzes.
Join for Free
OR
Log In

You Might Also Like...

Show Comments

Extras

Top Quizzes Today


Score Distribution

Your Account Isn't Verified!

In order to create a playlist on Sporcle, you need to verify the email address you used during registration. Go to your Sporcle Settings to finish the process.

Report this User

Report this user for behavior that violates our Community Guidelines.

Details: